|
|
|
|
| LEADER |
01007nam a2200253 a 4500 |
| 001 |
2944729 |
| 008 |
091006s1991 caua b 001 0 eng d |
| 010 |
|
|
|a \\\90046107
|
| 020 |
|
|
|a 155542306X
|
| 040 |
|
|
|a DLC
|c DLC
|d DLC
|
| 082 |
0 |
0 |
|a 374
|2 20
|
| 100 |
1 |
|
|a Verduin, John R.
|
| 245 |
1 |
0 |
|a Distance education :
|b the foundations of effective practice /
|c John R. Verduin, Jr., Thomas A. Clark.
|
| 250 |
|
|
|a 1st ed.
|
| 260 |
|
|
|a San Francisco :
|b Jossey-Bass,
|c 1991.
|
| 300 |
|
|
|a xvi, 279 p. :
|b ill. ;
|c 24 cm.
|
| 490 |
0 |
|
|a The Jossey-Bass higher and adult education series
|
| 504 |
|
|
|a Includes bibliographical references (p. 241-267) and indexes.
|
| 541 |
1 |
|
|e 00005159
|
| 650 |
|
0 |
|a Distance education.
|
| 700 |
1 |
|
|a Clark, Thomas A.,
|d 1952-
|
| 852 |
4 |
|
|a Ayesha Abed Library
|j General shelf
|
| 999 |
|
|
|c 4291
|d 4291
|
| 952 |
|
|
|0 0
|1 0
|2 ddc
|4 0
|6 374_VER_199100000000000
|7 0
|9 3962
|a BRACUL
|b BRACUL
|c GEN
|d 2009-10-07
|g 0.00
|l 0
|o 374 VER
|p 3010005159
|r 2009-10-07
|t 1
|w 2009-10-07
|y BK
|x No price found in the accession register.
|